¿Seguridad pública vrs. derechos humanos?

Guardat en:
Dades bibliogràfiques
Format: Text
Matèries:
Etiquetes: Afegir etiqueta
Sense etiquetes, Sigues el primer a etiquetar aquest registre!

MARC

LEADER 00000 a a2200000 04500
001 6016
003
040
245 |a ¿Seguridad pública vrs. derechos humanos?  
650 |a DERECHOS HUMANOS  
650 |a SOCIEDAD CIVIL  
650 |a LEGISLACION  
650 |a INSTITUCIONES PUBLICAS  
650 |a GOBIERNO  
650 |a ADMINISTRACION DE JUSTICIA  
650 |a POLITICA  
773 |g volumen 16, número 688; páginas 12-13  
999 |c 27558  |d 27558